Normal view MARC view

Entry Personal Name

Number of records used in: 2

001 - CONTROL NUMBER

  • control field: 35643

003 - CONTROL NUMBER IDENTIFIER

  • control field: dpl

005 - DATE AND TIME OF LATEST TRANSACTION

  • control field: 20111102121736.0

008 - FIXED-LENGTH DATA ELEMENTS

  • fixed length control field: 111102|||a|||||| | ||| d

040 ## - CATALOGING SOURCE

  • Original cataloging agency: dpl
  • Transcribing agency: dpl

100 ## - HEADING--PERSONAL NAME

  • Personal name: Angstorm, Paul

670 ## - SOURCE DATA FOUND

  • Source citation: Work cat.: (dpl)57969: Famous battles of the world relive the famous victories /, 2009

670 ## - SOURCE DATA FOUND

  • Source citation: Work cat.: (dpl)57969: Famous battles of the world relive the famous victories /, 2009

© Delhi Public Library
Hit Counter
free hit counter